Vũ điệu quỷ Devil's Waltz : Tiểu thuyết trinh thám

সংরক্ষণ করুন:
গ্রন্থ-পঞ্জীর বিবরন
প্রধান লেখক: Kellerman, Jonathan
বিন্যাস: গ্রন্থ
ভাষা:Undetermined
প্রকাশিত: Hà Nội Công an Nhân dân 2007
বিষয়গুলি:
ট্যাগগুলো: ট্যাগ যুক্ত করুন
কোনো ট্যাগ নেই, প্রথমজন হিসাবে ট্যাগ করুন!
Thư viện lưu trữ: Trung tâm Học liệu Trường Đại học Cần Thơ
LEADER 00693nam a2200217Ia 4500
001 CTU_128378
008 210402s9999 xx 000 0 und d
020 |c 80000 
082 |a 813.54 
082 |b K29 
100 |a Kellerman, Jonathan 
245 0 |a Vũ điệu quỷ Devil's Waltz : 
245 0 |b Tiểu thuyết trinh thám 
245 0 |c Jonathan Kellerman; Đặng Thị Huệ dịch 
260 |a Hà Nội 
260 |b Công an Nhân dân 
260 |c 2007 
650 |a Detective and mystery stories, american,Truyện ngắn trinh thám Mỹ 
650 |y 20th century 
904 |i Tuyến 
980 |a Trung tâm Học liệu Trường Đại học Cần Thơ